000 00838nam a2200217Ia 4500
999 _c53236
_d53236
001 20277
003 GE_BSU
005 20200813151701.0
008 181216s1974||||ge |||||||||||||| ||geo||
040 _cGE_BSU
041 _ageo
100 _aგოლეთიანი, გ.
_98108
245 _aქართულ-რუსული სასაუბრო /
_cგ. გოლეთიანი ; რედ. ი.ხუციშვილი.
264 _aთბილისი :
_bთბილ. უნ-ტის გამ-ბა,
_c1974.
300 _a178 გვ. ;
_c20 სმ.
541 _h2ლ.24თ.
653 _aქართული ენა
653 _aქართულ-რუსული სასაუბრო
700 _aხუციშვილი, ი.
_eრედაქტორი
_94472
942 _cBK
_2udc